| 000 | 00418nam a2200157Ia 4500 | ||
|---|---|---|---|
| 003 | OSt | ||
| 005 | 20240223143839.0 | ||
| 008 | 170524s9999 xx 000 0 und d | ||
| 020 | _a9788190651806, | ||
| 040 | _cIIMT UNIVERSITY | ||
| 100 | _aBhatnagar, B | ||
| 245 | 0 | _aEnterpreneurship Development & Small Business Management | |
| 260 |
_aNew Delhi _bVayu education of India _c2009 |
||
| 300 | _a324 | ||
| 942 |
_2ddc _c02 |
||
| 999 |
_c3001 _d3001 |
||